Statistiche per Trasferimenti più costosi - Italia

Clicka qui per fare il quiz!

Statistiche generali

  • Questo quiz è stato fatto 131 volte
  • Il punteggio medio è 15 su 20

Statistiche sulle risposte

Costo (M €)DaAAnnoRisposta% Corretto
52,88ParmaJuventus2001Gianluigi Buffon
97%
35MilanJuventus2018Leonardo Bonucci
95%
42JuventusMilan2017Leonardo Bonucci
95%
42,50FiorentinaJuventus2020Federico Chiesa
92%
57NapoliChelsea2018Jorginho
87%
46,48LazioInter1999Christian Vieri
81%
28,41Atletico MadridLazio1998Christian Vieri
81%
32,50CagliariInter2020Nicolò Barella
81%
40FiorentinaJuventus2017Federico Bernardeschi
78%
36SassuoloWest Ham Utd2022Gianluca Scamacca
78%
31BariRoma2001Antonio Cassano
74%
30EvertonJuventus2021Moise Kean
73%
27,50JuventusEverton2019Moise Kean
73%
29,50InterManchester City2010Mario Balotelli
72%
31LazioMilan2002Alessandro Nesta
62%
36,15JuventusMilan2001Filippo Inzaghi
58%
29,50JuventusRoma2019Leonardo Spinazzola
57%
37,74JuventusMilan2018Mattia Caldara
51%
31,10AtalantaInter2017Alessandro Bastoni
50%
26,50FiorentinaInter2001Francesco Toldo
28%

Distribuzione punteggi

Percentile per numero di risposta

Percentuale di utenti per punteggio

I tuoi punteggi nel tempo

Non hai fatto questo quiz